| 000 | 01356nam1a22002411i 4500 | ||
|---|---|---|---|
| 001 | v19\rc\1219678 | ||
| 005 | 20260406223650.0 | ||
| 035 | _a(NLR Aleph) 004382003 | ||
| 090 |
_a3638767 _c3638767 |
||
| 100 | _a20060306d1873 |||y0rusy50 ca | ||
| 101 | 0 | _arus | |
| 102 | _aRU | ||
| 105 | _a z ||||| | ||
| 200 | 1 | _aГодичный отчет Совета Общества для попечения о детях лиц, сосланных по судебным приговорам в Сибирь... | |
| 210 |
_a[Москва] _dценз. 1873 |
||
| 215 | _d14-27 | ||
| 300 | _aВ отчете за 1872 г. загл. отсутствует, загл. за 1884, 1886-1915 г.г.: "Годичный отчет Общества для попечения..."; в отчетах за ряд лет загл. незначительно изменено | ||
| 517 | 0 | _aГодичный отчет Общества для попечения о детях лиц, сосланных по судебным приговорам в Сибирь | |
| 710 | 0 | 2 |
_aОбщество попечения о детях лиц, ссылаемых по судебным приговорам в Сибири _cМосква _9454554 _3RU\NLR\AUTH\889979077 |
| 801 | 0 |
_aRU _bNLR _gpsbo |
|
| 801 | 1 |
_aRU _bProSoft-M _2rusmarc |
|
| 852 |
_aNLR _jШифры разные |
||
| 942 | _cBOOK | ||